A change of course (Record no. 63865)

MARC details
000 -CABECERA
campo de control de longitud fija 00623nam a2200241 a 4500
005 - FECHA Y HORA DE LA ÚLTIMA TRANSACCIÓN
campo de control 20210219152924.0
008 - ELEMENTOS DE LONGITUD FIJA--INFORMACIÓN GENERAL
campo de control de longitud fija 991125n 000 0 eng u
035 ## - NÚMERO DE CONTROL DEL SISTEMA
Número de control de sistema UPN01000067231
100 ## - ASIENTO PRINCIPAL--NOMBRE PERSONAL
Nombre de persona Hartman, Elisa
222 ## - TÍTULO CLAVE
Título clave PHI DELTA KAPPAN
245 ## - MENCIÓN DE TÍTULO
Título A change of course
300 ## - DESCRIPCIÓN FÍSICA
Extensión 405-406
362 ## - FECHAS DE PUBLICACIÓN Y/O DESIGNACIÓN SECUENCIAL
Fecha de publicación y/o designación secuencial 1993 74, No. 5
505 ## - NOTA DE CONTENIDO CON FORMATO PREESTABLECIDO
Nota de contenido con formato Junio 1993
653 0# - TERMINO DE INDIZACION - NO CONTROLADO
Término no controlado APRENDIZAJE ESCOLAR
653 0# - TERMINO DE INDIZACION - NO CONTROLADO
Término no controlado COMPROMISOS COMUNITARIOS
653 0# - TERMINO DE INDIZACION - NO CONTROLADO
Término no controlado DEFINICIONES
653 0# - TERMINO DE INDIZACION - NO CONTROLADO
Término no controlado MOTIVACION DEL ESTUDIANTE
653 0# - TERMINO DE INDIZACION - NO CONTROLADO
Término no controlado PROGRAMAS INTERNOS
653 0# - TERMINO DE INDIZACION - NO CONTROLADO
Término no controlado PROGRAMAS TERAPEUTICOS
904 ## - ELEMENTOS DE DATOS D LOCAL, LDD (RLIN)
a AC
b 005042
905 ## - TIPO DE MATERIAL
Tipo de material Articulo

No items available.